Click Australian States/Territories by Nickname - Statistics

General Stats
  • This quiz has been taken 80 times
  • The average score is 5 of 8
Answer Stats
Hint Answer % Correct
Sunshine State Queensland
86%
Top End Northern Territory
84%
First State New South Wales
78%
Festival State South Australia
72%
Apple Isle Tasmania
72%
Garden State Victoria
62%
Wildflower State Western Australia
50%
Bush Capital Australian Capital Territory
44%
No matching quizzes found
Score Distribution
Percent of People with Each Score
Percentile by Number Answered
Your Score History
You have not taken this quiz